Tin học 10

में बचाया:
ग्रंथसूची विवरण
स्वरूप: पुस्तक
भाषा:Undetermined
प्रकाशित: Hà Nội Giáo Dục 2006
विषय:
टैग : टैग जोड़ें
कोई टैग नहीं, इस रिकॉर्ड को टैग करने वाले पहले व्यक्ति बनें!
Thư viện lưu trữ: Trung tâm Học liệu Trường Đại học Cần Thơ
LEADER 00501nam a2200181Ia 4500
001 CTU_116115
008 210402s9999 xx 000 0 und d
020 |c 6500 
082 |a 005.0712 
082 |b T311/L10 
245 0 |a Tin học 10 
245 0 |c Hồ Sĩ Đàm ... [et al.] 
260 |a Hà Nội 
260 |b Giáo Dục 
260 |c 2006 
650 |a Programming languages ( electronic computers ) 
904 |i Tuyến 
980 |a Trung tâm Học liệu Trường Đại học Cần Thơ